| 000 | 00937nam a2200181 a 4500 | ||
|---|---|---|---|
| 008 | 130510s2001 ||||||||||||||||| || u | ||
| 020 | _a9781919766188 | ||
| 050 | _aQK 394 VAN | ||
| 100 | _avan Wyk, Abraham (Braam) | ||
| 245 | 1 | 0 |
_aRegions of floristic endemism in Southern Africa: a review with emphasis on succulents _cby Van Wyk Abraham E. and Smith Gideon F. |
| 260 |
_aCape Town: _bUmdaus Press _c2001 |
||
| 300 | _aviii,199p.: ill. | ||
| 650 | _aENDEMIC PLANTS--AFRICA, SOUTHERN--GEOGRAPHICAL DISTRIBUTION | ||
| 650 | _aSUCCULENT PLANTS--AFRICA, SOUTHERN--GEOGRAPHIC DISTRIBUTION | ||
| 700 | _aSmith, Gedeon F | ||
| 995 |
_aMAIN LIBRARY OPEN ACCESS _e744021 _FCBU-MAIN LIBRARY (Kitwe) _jQK 394 VAN _M1 _UAVAILABLE _WMay 16, 2013 _y744021 _ZMain Library Open Access Collection |
||
| 995 |
_aMAIN LIBRARY OPEN ACCESS _e744022 _FCBU-MAIN LIBRARY (Kitwe) _jQK 394 VAN _M2 _UAVAILABLE _WMay 16, 2013 _y744022 _ZMain Library Open Access Collection |
||
| 999 |
_c80025 _d80025 |
||